000 02597cas a2200577 4500
001 11198503
003 OSt
005 20230608111106.0
008 740730d19711972dcuar f0 a0eng c
010 _a 76641623
022 0 _a0191-3158
_l0191-3158
_21
035 _a(OCoLC)ocm00967835
040 _aCSU
_beng
_cCSU
_dDLC
_dNSD
_dOCL
_dGPO
_dOCL
_dNST
_dOCL
_dNST
_dHUL
_dOCL
_dOCLCQ
_dIUL
_dCUV
_dOCLCF
_dGPO
_dOCLCA
_dOCLCQ
_dSPI
_dCOM
_dOCLCO
042 _apcc
_ansdp
043 _an-us-dc
050 0 0 _aQ183.3.W3
_b.Op5
074 _a0910
082 0 4 _a001.4/3/09753
086 0 _aSI 1.2:R 31/
222 0 _aOpportunities for research and advanced study
245 0 0 _aOpportunities for research and advanced study.
246 1 _aSmithsonian Institution opportunities for research and advanced study
260 _aWashington,
_bOffice of Academic Programs, Smithsonian Institution.
300 _a266 p.
_billustrations
_c23 cm
310 _aAnnual
336 _atext
_btxt
_2rdacontent
337 _aunmediated
_bn
_2rdamedia
338 _avolume
_bnc
_2rdacarrier
362 0 _a1970/71-1971/72.
590 _aSERBIB/SERLOC merged record
610 2 0 _aSmithsonian Institution.
_bOffice of Academic Programs
_vPeriodicals.
_922958
610 2 7 _aSmithsonian Institution.
_bOffice of Academic Programs.
_2fast
_0(OCoLC)fst00567656
_922959
650 0 _aScience
_xStudy and teaching (Higher)
_zWashington (D.C.)
_vPeriodicals.
_922960
650 0 _aSocial sciences
_xStudy and teaching (Higher)
_zWashington (D.C.)
_vPeriodicals.
_922961
650 6 _aSciences
_xÉtude et enseignement (Supérieur)
_zWashington (D.C.)
_vPériodiques.
_922962
650 7 _aScience
_xStudy and teaching (Higher)
_2fast
_0(OCoLC)fst01108455
_922963
650 7 _aSocial sciences
_xStudy and teaching (Higher)
_2fast
_0(OCoLC)fst01123030
_922964
651 7 _aWashington (D.C.)
_2fast
_0(OCoLC)fst01204505
_9842
655 2 _aPeriodical
_96471
655 7 _aperiodicals.
_2aat
_9241
655 7 _aPeriodicals.
_2fast
_0(OCoLC)fst01411641
_9241
655 7 _aPeriodicals.
_2lcgft
_9241
655 7 _aPériodiques.
_2rvmgf
_922965
710 2 _aSmithsonian Institution.
_bOffice of Academic Programs.
_922959
776 0 8 _iOnline version:
_tOpportunities for research and advanced study
_w(OCoLC)609867371
780 0 0 _tSmithsonian research opportunities
_w(DLC)sn 85017330
_w(OCoLC)967826
785 0 0 _tSmithsonian opportunities for research and study in history, art, science
_x0093-8335
_w(DLC) 73646897
_w(OCoLC)1789143
906 _a7
_bcbc
_cserials
_d4
_encip
_f19
_gn-oclcserc
942 _2lcc
_cBK
999 _c44792
_d44792